ఇటాలియా బుఱ్ఱకుళ్ళు - పాత్రలు నొక్కండి! - Statistics

General Stats
  • This quiz has been taken 3 times
  • The average score is 4 of 18
Answer Stats
Hint Answer % Correct
బాలరీనా కాపుచీనా
67%
చింపాంజీనీ బానానీనీ
33%
ట్రూలిమేరో ట్రూలిచీనా
33%
ఫ్రుల్లి ఫ్రుల్ల
33%
లా వాకా సటూర్నో సాటుర్నీటా
33%
ట్రాలలేరో ట్రాలలా
33%
లీరిలీ లారిలా
33%
బోంబార్డీరో క్రొకోడీలో
33%
ఇల్ కాక్టో హిపోపోటమో
33%
ఫ్రీగో కామెల్లో
33%
బర్ బర్ పాటపిమ్
33%
కాపుచీనో ఆసాసీనో
0%
బాంబాంబీనీ గూసీనీ
0%
గ్లోర్బో
0%
బ్రీ బ్రీ బిస్కస్ డిస్కస్ బోంబికస్
0%
ట్రిప్పీ ట్రాప్పీ
0%
బుర్బలోనీ లులిలోల్లి
0%
బోనేకా అంబాలబు
0%
No matching quizzes found
Score Distribution
Percent of People with Each Score
Percentile by Number Answered
Your Score History
You have not taken this quiz